Tanks - véhicules militaires blindés - Statistiques

Statistiques générales
  • Ce quiz a été pris 577 fois
  • Le résultat moyen est 3 sur 9
Statistiques - réponses
Par images Réponse % Correct
Leclerc
95%
T-14
56%
Leopard 2a4
46%
Leopard 2a7
42%
T-90m
28%
Type 90
22%
T-80b
19%
EMBT
17%
M2a2 bradley
7%
Aucun quiz correspondant
Distribution des résultats
% des personnes avec chaque résultat
Percentile par nombre de réponses
Votre historique - résultats
Vous n’avez pas pris ce quiz